Dictionary of mathematics / (Record no. 95341)

MARC details
000 -LEADER
fixed length control field 00598nam a22001937a 4500
005 - DATE AND TIME OF LATEST TRANSACTION
control field 20150923154330.0
010 ## - LCCN (DPL NO)
LC control number ENG-113734
020 ## - INTERNATIONAL STANDARD BOOK NUMBER
International Standard Book Number 9789383945009
Terms of availability 240.00
035 ## - SYSTEM CONTROL NUMBER
System control number EN- 97266
037 ## - SOURCE OF ACQUISITION
Source of stock number/acquisition DBAD/PUB
082 ## - DEWEY DECIMAL CLASSIFICATION NUMBER
Classification number 510.3
245 ## - TITLE STATEMENT
Title Dictionary of mathematics /
Statement of responsibility, etc edited & compiled by by Dinesh Tiwari [and] Indu Kain
260 ## - PUBLICATION, DISTRIBUTION, ETC. (IMPRINT)
Place of publication, distribution, etc New Delhi
Name of publisher, distributor, etc Chord Education of India
Date of publication, distribution, etc 2014
270 ## - ADDRESS
Address C-5/136, New Kondli, Mayur Vihar-3
City New Delhi
Postal code 110096
300 ## - PHYSICAL DESCRIPTION
Extent 196p.
Dimensions 22cm(pbk)
700 ## - ADDED ENTRY--PERSONAL NAME
Personal name Tiwari, Dinesh
700 ## - ADDED ENTRY--PERSONAL NAME
Personal name Kain, Indu
942 ## - ADDED ENTRY ELEMENTS (KOHA)
Source of classification or shelving scheme Dewey Decimal Classification
Item type English Books
Call number suffix DIC
Classification part 510.3
Holdings
Withdrawn status Lost status Not for loan Collection code Home library Current library Date acquired Source of acquisition Cost, normal purchase price Full call number Barcode Copy number Cost, replacement price Koha item type
    Not For Loan Non-fiction D.B.Act.Division D.B.Act.Division 29/07/2015 DBAD/PUB 240.00 510.3 DIC EN-97266 1 240.00 English Books

© Delhi Public Library
Hit Counter
free hit counter